LEADER 01263nam a2200301 a 4500 001 000000142024 003 CaOOAMICUS 005 20150302091902.0 008 150302s1955 yu u000 u eng r 040 $aPUL$bita 041 0 $aeng$afre 245 00$aTen years of Yugoslav historiography :$b1945-1955 /$c[edited by Jorjo Tadic]. 260 $aBeograd :$b[s.n.],$c1955. 300 $a685 p. ;$c20 cm 500 $aIn testa al front.: National Committee for historical studies. 504 $aBibliografia in nota. 546 $aTesti in inglese e francese. 650 4$aStoriografia$zJugoslavia$y1955-1965.$0(OLS)http://pul/subject/34263 651 4$aJugoslavia$xStoria$ySec. XX.$0(OLS)http://pul/subject/25627 700 1 $aTadi?, Jorjo.$0(OLS)http://pul/name/68034 710 2 $aNational Committee for historical studies.$0(OLS)http://pul/name/91420 850 $aPUL 852 $aPUL$W1$xDP1 Fondo Capitani$y116$m10 B 59$j163935$qFondi$B163998$CPULBib$Z2$F163998 $HCap451 $82 941 1 $a1 961 $aNota ms. di possesso: Capitani. 996 $6245$aTen years of Yugoslav historiography :$b1945-1955$9(OLS)http://pul/title/179774 996 $6260$aBeograd :$b[s.n.]$9(OLS)http://pul/publisher/65538 LEADER 01495namaa2200337 i 4500 001 000000177408 003 CaOOAMICUS 005 20241108125340.0 007 tu 008 241108s2015 fr 000 u fre r 020 $a978-99935-57-88-3* 040 $aPUL$bita$erda 082 0 $a303.4 100 1 $aSchuller, Mark,$d1973-,$eautore.$0(OLS)http://pul/name/114085 245 10$aCette charité qui tue :$bHaiti, l'aide internationale et les ONG /$cMark Schuller; préface de Paul Farmer. 264 1$aHaïti :$bEdition de l'Universitè d'Etat d'Haïti,$c[2015] 300 $a382 pagine ;$c24 cm 336 $atesto$btxt$2rdacontent 337 $asenza mediazione$bn$2rdamedia 338 $avolume$bnc$2rdacarrier 504 $aBibliografia in nota a piè pagina. 650 4$aAntropologia medica.$0(OLS)http://pul/subject/44329 700 1 $aFarmer, Paul,$c1959-2022,$eautore di prefazione.$0(OLS)http://pul/name/114086 850 $aPUL 852 $aPUL$W1$xSL Diritto e Scienze Sociali 3$y79$m303. 4 SCHMA 1$j201363$qDDC 21$B206360$CPULBib$Z2$F206360 $H137228 $82 941 1 $a9 996 $6020$a978-99935-57-88-3*$9(OLS)http://pul/number/170093 996 $6082$a303.4$9(OLS)http://pul/classification/529 996 $6245$aCette charité qui tue :$bHaiti, l'aide internationale et les ONG$9(OLS)http://pul/title/218925 996 $6264$aHaïti :$bEdition de l'Universitè d'Etat d'Haïti$9(OLS)http://pul/publisher/87633